000 00919nam a2200265 i 4500
001 66380
003 ES-MaACL
005 20250726045041.0
007 t|
008 010828s2000 sp ||||0| spa d
020 _a84-414-0826-2
040 _aM-BN
_bspa
_cM-BN
080 _a821.134.2-1"19"(082.2)
245 0 0 _a13 poetas testimoniales /
_c[antología de] Segismundo Lince.
260 _aMadrid :
_bEdaf,
_c2000.
300 _a191 p ;
_c21 cm.
490 1 _aBiblioteca Edaf ;
_v253
500 _aJorge Guillén, Angela Figuera Aymerich, Gabriel Celaya, Ramón de Garciasol, José Luis Gallego, Leopoldo de Luis, Gloria Fuertes, Alfredo Gómez Gil, etc.
650 4 _aPoesías españolas-
_yS.XX.
_916221
700 0 _aLince, Segismundo
_972365
740 0 _aTrece poetas testimoniales.
830 0 _aBiblioteca Edaf ;
_v253
_9179778
852 _aES-MaACL
_jL-26843
_bR.132184
999 _c66380
_d66380